El pensamiento político de Unamuno en sus artículos 1894-1897

Gespeichert in:
Bibliographische Detailangaben
1. Verfasser: Bonilla Sandí, Albán
Format: Buch
Sprache:Undetermined
Veröffentlicht: San José, Costa Rica Escuela de Filosofía, Universidad de Costa Rica 1981
Schlagworte:
Tags: Tag hinzufügen
Keine Tags, Fügen Sie den ersten Tag hinzu!

MARC

LEADER 00000nam a2200000Ia 4500
008 170316s9999 xx 000 0 und d
040 |a cru BVZT 
090 |a TESIS 199 
100 |a Bonilla Sandí, Albán 
245 |a El pensamiento político de Unamuno en sus artículos 1894-1897 
260 |a San José, Costa Rica 
260 |b Escuela de Filosofía, Universidad de Costa Rica 
260 |c 1981 
300 |a 398 páginas 
650 |a LICENCIATURA EN FILOSOFÍA 
650 |a TRABAJO FINAL DE GRADUACIÓN 
999 |c 13809  |d 13809 
942 |c TFG  |h TESIS 199  |2 z